| 000 | 00870nam a22001937a 4500 | ||
|---|---|---|---|
| 999 |
_c9805 _d9805 |
||
| 003 | AR-CdUCM | ||
| 008 | 190328b ||||| |||| 00| 0 spa d | ||
| 040 |
_aMUNICIPALIDAD PROVINCIAL DEL CUSCO _cBIBLIOTECA MUNICIPAL DEL CUSCO |
||
| 082 |
_a335.6 / _bD44 / 1941 |
||
| 110 |
_aSociedad de Relaciones Culturales de la U. R. S. .S. con el Extranjero (voks) _926257 |
||
| 245 |
_aEn Defensa de la Civilización Contra la Barbarie Fascista : _bRecopilación de Opiniones, Cartas y Telegramas de figuras representativas de la Ciencia y el Arte / |
||
| 260 |
_aMoscú : _bUnion of Soviet Socialist Republics ; _c1941. |
||
| 300 |
_a104 páginas ; _bFotografías b/n _c21cm |
||
| 505 | _aContenido: Los hombres de vanguardia de la U.R.S.S en la lucha contra el fascismo | ||
| 650 |
_aFascismo _93453 |
||
| 650 |
_aUnión Soviética _9496 |
||
| 942 |
_2ddc _cLIBROS |
||
| 945 | _anom | ||